000
00292nam a22001217a 4500
999
_c
160059
_d
160059
082
_a
_b
100
_a
Vadmare P M
245
_a
Hindi bhasha evam hindi sahitya ka ithihas/
_c
by Vadmare P M.
260
_a
Mathura:
_b
Jawahar Pustakalaya,
_c
2013.
300
_a
650
_a
942
_c
BK